5HLuxD.jpg

KING HENRY VIII SENIOR AND PRIMARY SCHOOL LIBRARY OPAC

Tassie and the Black Baron (Record no. 5789)

000 -LEADER
fixed length control field 00792nam a22002537a 4500
001 - CONTROL NUMBER
control field 0
003 - CONTROL NUMBER IDENTIFIER
control field OSt
005 - DATE AND TIME OF LATEST TRANSACTION
control field 20251107111651.0
008 - FIXED-LENGTH DATA ELEMENTS--GENERAL INFORMATION
fixed length control field 251107b ||||| |||| 00| 0 eng d
020 ## - INTERNATIONAL STANDARD BOOK NUMBER
International Standard Book Number 9781405242318
040 ## - CATALOGING SOURCE
Transcribing agency KH8
082 04 - DEWEY DECIMAL CLASSIFICATION NUMBER
Classification number 823.92 ROY
100 1# - MAIN ENTRY--PERSONAL NAME
Personal name Roy, Katie
Relator term Author
245 10 - TITLE STATEMENT
Title Tassie and the Black Baron
260 ## - PUBLICATION, DISTRIBUTION, ETC.
Place of publication, distribution, etc. 239 Kensington High Street,London W8 6SA
Name of publisher, distributor, etc. Egmont
Date of publication, distribution, etc. 2010
300 ## - PHYSICAL DESCRIPTION
Extent 287 pages
Dimensions 20 cm x 12 cm
520 ## - SUMMARY, ETC.
Summary, etc. Time travellers from the future wearing Bottom Kicking Trainers most welcome.-Blurb of the book-
650 #0 - SUBJECT ADDED ENTRY--TOPICAL TERM
Topical term or geographic name entry element Time travel
Form subdivision Juvenile fiction.
650 #0 - SUBJECT ADDED ENTRY--TOPICAL TERM
Topical term or geographic name entry element Dueling
Form subdivision Juvenile fiction.
650 #0 - SUBJECT ADDED ENTRY--TOPICAL TERM
Topical term or geographic name entry element Civilization, Medieval
Form subdivision Juvenile fiction.
655 #0 - INDEX TERM--GENRE/FORM
Genre/form data or focus term Adventure stories.
655 #0 - INDEX TERM--GENRE/FORM
Genre/form data or focus term Children's stories.
942 ## - ADDED ENTRY ELEMENTS (KOHA)
Source of classification or shelving scheme
Koha item type Books - Fiction
Holdings
Withdrawn status Lost status Source of classification or shelving scheme Damaged status Not for loan Collection code Permanent Location Current Location Shelving location Date acquired Full call number Barcode Date last seen Price effective from Koha item type Public note
          Fiction KH8 Primary School Library KH8 Primary School Library Fiction 2025-11-07 823.92 ROY KHPL000007354 2025-11-07 2025-11-07 Books - Fiction PRIMARY LIBRARY

Powered By KH8 IT Dept